000 00648nam a22001817a 4500
999 _c190072
_d190072
005 20220718124208.0
010 _aENG-133625
020 _c370.00
_a9789389146073
035 _aEN-117157
037 _bDBAD/PUB
082 _a954.36
100 _aShankar, V. Shiva
245 _aGlimpses of Geo-Tourism in Andaman & Nicobar Islands/
_cV. Shiva Shankar
260 _aTamil Nadu
_bSHANLAX PUBLICATIONS
_c2019
270 _a61,66 T.P.K. Main Road Vasantha Nagar Madurai
_bTamil Nadu
_e625003
_mpublisher@shanlaxpublications.com
_k0452-4208765
300 _a65p.
_c21.5cm(pbk)
_bCONCLUSION, REFERENCE
942 _2ddc
_cEN
_h954.36
_mSHA